00685cam a2200205 a 4500003000500000005001700005008004100022010001000063011001000073020001500083035001000098040000900108082001900117100002500136245015900161260005900320300002300379650003100402650004600433CHAP20220329142130.0990831d1996 mx r 00010 spa d a78930 a79902 a9686823468 a90319 cCHAP04a338.097252bS300aSaraví, Gonzalo A.10aPotencialidades y obstáculos de los distritos industriales en méxico :banálisis de la experiencia de un distrito zapateroc/por Gonzalo A. Saraví aMéxico, D.F. :bFundación Freiedrich Ebert,c1996. a164 p. :bgráfs.14aIndustriaxMéxico (Edo.)14aRelaciones industrialeszMéxico (Edo.).